Macroeconomics /

Zapisane w:
Opis bibliograficzny
1. autor: Mankiw, N. Gregory.
Format: Książka
Język:English
Wydane: New York ; Basingstoke : Worth Publishers ; Macmillan, 2000.
Wydanie:4th ed.
Hasła przedmiotowe:
Etykiety: Dodaj etykietę
Nie ma etykietki, Dołącz pierwszą etykiete!
Thư viện lưu trữ: Mạng thư viện Đại học Đà Nẵng
LEADER 00776cam a2200313 i 4500
001 000045246
003 4417
005 20030326100924.0
008 010220|2000 vm 000 eng
020 |a 1572596449 
040 |a IRC  |c IRC  |d IRC 
041 0 |a eng 
082 1 4 |a 339  |b MA-N 
100 1 |a Mankiw, N. Gregory. 
245 0 0 |a Macroeconomics /  |c N. Gregory Mankiw. 
250 |a 4th ed. 
260 |a New York ; Basingstoke :  |b Worth Publishers ; Macmillan,  |c 2000. 
630 0 4 |a Macroeconomics. 
650 0 4 |a Macroeconomics. 
OWN |a DUT 
999 |a From the UDN01 
TYP |a Monograph 
TYP |a Printed language 
980 |a Mạng thư viện Đại học Đà Nẵng